000 00268nam a22001217a 4500
008 181220b xxu||||| |||| 00| 0 eng d
041 _aeng
080 _a371
100 _a46
101 _aEDU
245 _aHow to Focus an Evaluation
_cStecher,B.M
942 _2udc
_cBK
999 _c53571
_d53571